=LDR 00000nam 2200000 4500 =001 INLIS000000000061658 =005 20221103090941 =035 ##$$a 0010-1122000039 =007 ta =008 221103###########################0###### =020 ##$$a 978-623-7865-97-1 =082 ##$$a 378.190 202 =084 ##$$a 378.190 202 I N p =100 #$$a I Nyoman Adiyasa =245 1#$$a Pedoman praktik kerja lapangan (PKL) program intervensi gizi masyarakat (PIGM) /$c I Nyoman Adiyasa, Yuli Laraeni, Abdul Salam, I Gede Narda Widada, Irianto =260 ##$$a Mataram :$b Poltekes Kemenkes Mataram,$c 2021 =300 ##$$a X, 60 halaman : $b Ilustrasi ; $c 29 cm =650 #4$$a Kuliah Kerja Nyata - Buku Pedoman =990 ##$$a 26562656 =990 ##$$a 578/51/2022